000 00409nam a2200157Ia 4500
003 OSt
005 20230526160409.0
008 211028s2016 xx 000 0 und d
040 _cAIMIT LIBRARY
041 _aeng
100 _aSerrao, Lenita Veleza; Nausheeda.
_98640
_e141913
110 _aNausheeda
_98641
245 _aFinancial asset management system.
260 _aMangalore
_c2016
942 _2ddc
_cPRO
999 _c219989
_d219989